LEADER 01379nam a2200313 i 4500 001 000000255361 003 CaOOAMICUS 005 20220118083250.0 008 170816s2017 it u000 u ita u 013 $a234269 020 $a978-88-10-41030-1 040 $aSeMil$bita 100 1 $aVidal, Senén <1941-2016>.$0(OLS)http://semarc/name/90347 240 13$aLa resurrección de los muertos : el testimonio bíblico.$0(OLS)http://semarc/title/411629 245 13$aLa risurrezione dei morti :$btestimonianze bibliche /$cSenén Vidal. 260 $aBologna :$bEDB,$c2017. 300 $a101 p. ;$c21 cm. 490 0 $aStudi biblici ;$v79 650 4$aBibbia - NT - Risurrezione.$0(OLS)http://semarc/subject/4664 650 4$aBibbia - AT - Risurrezione.$0(OLS)http://semarc/subject/46937 650 4$aBibbia - Risurrezione.$0(OLS)http://semarc/subject/46938 830 0$aStudi biblici ;$v79.$0(OLS)http://semarc/title/438659 850 $aSeMil 852 $aSeMil$W1$xVenegono$y1$m2YA V 79$j265077$B205707$CSeMilBibl$Z2$F219071 $81 961 $aAcquisto: Città Nuova (Agente) 996 $6020$a978-88-10-41030-1$9(OLS)http://semarc/number/279179 996 $6245$aLa risurrezione dei morti :$btestimonianze bibliche$9(OLS)http://semarc/title/411628 996 $6260$aBologna :$bEDB$9(OLS)http://semarc/publisher/29669 LEADER 01299nam a2200289 i 4500 001 000000333368 003 CaOOAMICUS 005 20190416152326.0 008 190416s1996 it u000 u ita u 013 $a40641 020 $a88-399-2020-X 040 $aSeMil$bita 100 1 $aBecker, Jürgen,$d<1934- >.$0(OLS)http://semarc/name/19343 240 10$aPaulus :$bder Apostel der Völker.$0(OLS)http://semarc/title/422833 245 10$aPaolo :$bl'apostolo dei popoli /$cJürgen Becker ; introduzione all'edizione italiana di Romano Penna. 264 1$aBrescia :$bQueriniana,$c1996. 300 $a477 p. ;$c23 cm. 490 0 $aBiblioteca biblica [Queriniana] ;$v20 600 04$aPaolo .$0(OLS)http://semarc/subject/1316 700 1 $aPenna, Romano,$c,$eautore di introduzione.$0(OLS)http://semarc/name/769 830 0$aBiblioteca biblica ;$v20.$0(OLS)http://semarc/title/583 850 $aSeMil 852 $aSeMil$W1$xVenegono$y1$m2YA X 20$j263377$B225526$CSeMilBibl$Z2$F225526 $81 996 $6020$a88-399-2020-X$9(OLS)http://semarc/number/287150 996 $6245$aPaolo :$bl'apostolo dei popoli$9(OLS)http://semarc/title/422834 996 $6264$aBrescia :$bQueriniana$9(OLS)http://semarc/publisher/29615